000
00227 a2200097 4500
001
6051
100
_a
Karn, H W
245
_a
Readings in industrial and Business Phychology.
260
_a
_b
McGraw-Hill
_c
090
_c
4951
_d
4951
942
_a
NUST-CAE
_c
M
_c
31324
999
_c
241124
_d
241124